Missing Word: Books Beginning with 'C' Quiz Stats

 Plays Quiz Updated Apr 15, 2015

Challenge
Share
Tweet
Embed
Score 0/24 Timer 04:00
0 Plays Today
BOOK TITLE ANSWER % Correct
The Catcher in the ____Rye
97%
Charlotte's ____Web
96.9%
The Canterbury ____Tales
95.4%
The Count of ____ CristoMonte
94.7%
A Clockwork ____Orange
93.3%
Casino ____Royale
93.1%
The Call of the ____Wild
92.9%
Crime and ____Punishment
91.5%
The Color ____Purple
90.4%
Clifford the Big ____ DogRed
89.5%
A Christmas ____Carol
88.5%
The Cider ____ RulesHouse
87.1%
BOOK TITLE ANSWER % Correct
Cat's ____Cradle
68.3%
Charlie and the Great Glass ____Elevator
53.9%
Captain Corelli's ____Mandolin
50.8%
Cold ____Mountain
46.3%
Cloud ____Atlas
43.8%
Cry the ____ CountryBeloved
41.5%
Circle of ____Friends
34.7%
Confederacy of ____Dunces
30.1%
Carry On, ____Jeeves
20.8%
The Crying of ____ 49Lot
16.1%
City of ____Bones
14.4%
The Cuckoo's ____Calling
10.6%

Today's Daily Dose

Missing Word
Animated TV Series

Word Ladder
Boston

Quick Pick
'H' Literature

On This Day
August 16th II

You're not logged in!

Compare scores with friends on all Sporcle quizzes.
Join for Free
OR
Log In

You Might Also Like...

Show Comments

Extras

Top Quizzes Today


Score Distribution

Your Account Isn't Verified!

In order to create a playlist on Sporcle, you need to verify the email address you used during registration. Go to your Sporcle Settings to finish the process.

Report this User

Report this user for behavior that violates our Community Guidelines.

Details: